000 00460nam a2200169Ia 4500
003 GCL
008 140319s9999 xx 000 0 ara d
040 _aGCL /
_cGCL
082 0 4 _a813.03
_bت م
100 1 _aتوفيق الحكيم
245 1 0 _aمن البرج العاجى /
_cتوفيق الحكيم
300 _a219 ص
490 _a100 قصة
_v0
650 0 4 _aالادب العربى
650 0 4 _aالقصص الاجتماعية
942 _2ddc
_cBK
999 _c45786
_d45786